000 00319nam a2200121Ia 4500
008 231120s2017 xx 000 0 und d
041 _aeng
082 _a751.42
100 _aFRASER SCARFE
245 _aHOW TO PAINT ATOMOSPHERIC LANDSCAPES IN ACRYLICS
260 _aSEARCH PRESS
_bSEARCH PRESS
_c2017
300 _aH-192
999 _c933803
_d933803